Pays les plus peuplés d’Océanie - Statistiques

Statistiques générales
  • Ce quiz a été pris 42 fois
  • Le résultat moyen est 5 sur 5
Réponses sur la Carte
Les réponses sont colorées sur une échelle allant du rouge au vert en fonction du pourcentage des utilisateurs qui les ont devinées à leur premier essai. Vous pouvez retrouver ces pourcentages ci-dessous.
 
Statistiques - réponses
Classement Population Nom du pays % Correct
1 27 200 000 Australie
100%
3 5 300 000 Nouvelle-Zélande
100%
4 900 000 Fidji
93%
2 10 500 000 Papouasie-Nouvelle-Guinée
90%
5 800 000 Îles Salomon
80%
Aucun quiz correspondant
Distribution des résultats
% des personnes avec chaque résultat
Percentile par nombre de réponses
Votre historique - résultats
Vous n’avez pas pris ce quiz